000 00568nam a2200145Ia 4500
008 100122s9999 xx 000 0 und d
082 _b46762
_a294.5
100 _aदाते धुंडिराजशास्त्री
245 _aधर्मशास्त्रीय निर्णय
260 _bसुमंगल पब्लिशिंग कंपनी
_c1992
300 _a151
630 _aधर्मशास्त्रीय निर्णय
730 _aधर्मशास्त्रीय निर्णय
942 _cBOOK
999 _c425811
_d425808